000 00290nam a22001097a 4500
008 230704b xxu||||| |||| 00| 0 eng d
082 _a341.08
_bFOL 1954
245 _aDocuments on International Affairs 1951
260 _bOxford University Press
_c1954
300 _aXXV,698p
942 _2ddc
_cBK
999 _c3675
_d3675